Jaume I (1208-1276) : esbós d'una biografia / per Joan-F. Cabestany i Fort esbós d'una biografia / per Joan-F. Cabestany i Fort
Descripción Física:
60 p. : il. ; 17 x 19 cm
Colección:
Col·lecció A. Duran i Sanpere ; 2
Materias:
Jaume I, Rei de Catalunya-Aragó
MARC
| LEADER | 00000nam a2200000Ia 4500 | ||
|---|---|---|---|
| 001 | 1717 | ||
| 003 | BGR | ||
| 005 | 20260324175251.0 | ||
| 008 | 160829s1976 xx 000 0 cat d | ||
| 080 | |a H-2-12 | ||
| 100 | |a Cabestany i Fort, Joan-F. |9 24057 | ||
| 245 | |a Jaume I (1208-1276) : |b esbós d'una biografia / per Joan-F. Cabestany i Fort | ||
| 260 | |a Barcelona : |b Ajuntament de Barcelona. Delegació de Cultura, |c 1976 | ||
| 300 | |a 60 p. : |b il. ; |c 17 x 19 cm | ||
| 490 | |a Col·lecció A. Duran i Sanpere ; 2 | ||
| 650 | |a Jaume I, Rei de Catalunya-Aragó | ||
| 710 | 1 | |a Barcelona (Catalunya). |b Ajuntament |0 Delegació de Cultura |9 50981 | |
| 901 | |a Arxiu | ||
| 942 | |n 1 |2 udc |c MON | ||
| 952 | |0 0 |1 0 |4 0 |6 H212 |7 1 |9 42956 |a Arxiu |b Arxiu |d 2016-12-01 |l 0 |o H-2-12 |p 1717 |r 2016-12-01 00:00:00 |w 2016-12-01 |y ARXIU | ||
| 999 | |c 45498 |d 45498 | ||